LEADER 01268nam a2200265 a 4500 001 000000163136 003 CaOOAMICUS 005 20171004121259.0 008 171004s1996 it m 001 u spa r 032 $aLibriCat 040 $aPUL$bita 100 1 $aEspinoza Becerra, Carlos.$0(OLS)http://pul/name/104770 245 13$aLa tensión escatológica en la teología de la historia de Oscar Cullmann /$cauctore Carlos Espinoza Becerra. 260 $aRoma :$bPontificia Università Gregoriana,$c1996. 300 $a94 p. ;$c24 cm. 502 $aEstratto da tesi -- Pontificia Universitas Gregoriana. Facultas theologiae. 1996. 504 $aBibliografia in nota. 600 14$aCullmann, Oscar,$d1902-1999.$0(OLS)http://pul/subject/2380 710 2 $aPontificia Università Gregoriana.$bFacoltà di teologia.$kTesi.$0(OLS)http://pul/name/81592 850 $aPUL 852 $aPUL$W1$xDP1 Tesi Pon. Univ. Gregoriana$y40$mTH PUG 4270$j187187$qTesi$B190357$CPULBib$Z2$F190357 $H75837 $82 941 1 $a16 996 $6245$aLa tensión escatológica en la teología de la historia de Oscar Cullmann$9(OLS)http://pul/title/202874 996 $6260$aRoma :$bPontificia Università Gregoriana$9(OLS)http://pul/publisher/47853 LEADER 01476nam a2200289 u 4500 001 000000120631 003 CaOOAMICUS 005 20100310101015.0 008 100310s1940 it hf u000 u ita r 040 $aPUL$bita$dMCT 041 0 $aita$alat 100 0 $aBernardino da Feltre,$cbeato,$d1439-1494.$0(OLS)http://pul/name/75451 245 10$aSermoni del b. Bernardino da Feltre nella redazione di fr. Bernardino Bulgarino da Brescia, Min. oss. /$ca cura di p. Carlo da Milano O.F.M. Cap. 260 $aMilano :$bVita e pensiero,$c1940. 300 $av., tav. :$bfacsim. ;$c21 cm 490 1 $aOrbis romanus.$aBiblioteca di testi medievali ;$v12 504 $aBibliografia in nota. 505 1 $av. 1. Il Quaresimale di Pavia del 1493. 650 4$aSermoni latini.$0(OLS)http://pul/subject/7711 700 0 $aBernardino Bulgarino da Brescia,$co.f.m.,$dattivo secolo 15.$0(OLS)http://pul/name/75454 700 0 $aCarlo da Milano,$cO.F.M. Cap.$0(OLS)http://pul/name/75455 830 0$aOrbis romanus.$pBiblioteca di testi medievali ;$v12.$0(OLS)http://pul/title/14937 850 $aPUL 852 $aPUL$W1$xDP1 Religione 1$y20$m579 F 38$j138254$av. 1$qStampati$B137482$CPULBib$Z2$F137482 $H38407 $82 941 1 $a8 996 $6245$aSermoni del b. Bernardino da Feltre nella redazione di fr. Bernardino Bulgarino da Brescia, Min. oss. $9(OLS)http://pul/title/151690 996 $6260$aMilano :$bVita e pensiero$9(OLS)http://pul/publisher/48016